kku e-library facility

Vander, Sherman & Luciano's Human Physiology: (Record no. 175)

MARC details
000 -LEADER
fixed length control field 00447nam a2200145 4500
005 - DATE AND TIME OF LATEST TRANSACTION
control field 20260226112202.0
008 - FIXED-LENGTH DATA ELEMENTS--GENERAL INFORMATION
fixed length control field 260226b |||||||| |||| 00| 0 eng d
020 ## - INTERNATIONAL STANDARD BOOK NUMBER
International Standard Book Number 0072437936
100 ## - MAIN ENTRY--PERSONAL NAME
Personal name Widmaier P. Eric, Raff Hershel, Strang T. Kevin.
245 ## - TITLE STATEMENT
Title Vander, Sherman & Luciano's Human Physiology:
Statement of responsibility, etc. /Eric P. Widmaier
250 ## - EDITION STATEMENT
Edition statement 9th edition
260 ## - PUBLICATION, DISTRIBUTION, ETC.
Place of publication, distribution, etc. New York;
Name of publisher, distributor, etc. McGraw Hill;
Date of publication, distribution, etc. 2004
300 ## - PHYSICAL DESCRIPTION
Extent xxv; 825p. ill;
Dimensions 27.5cm
942 ## - ADDED ENTRY ELEMENTS (KOHA)
Source of classification or shelving scheme Library of Congress Classification
Suppress in OPAC No
Koha item type Books

No items available.

©2025 All rights reserved. KKU